Backing Bands #1 - Statistics

General Stats
  • This quiz has been taken 823 times
  • The average score is 8 of 16
Answer Stats
Backing Band Lead Singer % Correct
The Wailers Bob Marley
88%
The E Street Band Bruce Springsteen
86%
The Heartbreakers Tom Petty
82%
The News Huey Lewis
79%
The Experience Jimi Hendrix
74%
The Revolution Prince
68%
The Crickets Buddy Holly
67%
Miami Sound Machine Gloria Estefan
65%
Crazy Horse Neil Young
64%
The Mothers Of Invention Frank Zappa
54%
The Band Bob Dylan
41%
The Tijuana Brass Herb Alpert
40%
Union Station Alison Krauss
14%
The Drifting Cowboys Hank Williams
7%
Ace In The Hole Band George Strait
6%
The Dancehall Doctors Tim McGraw
4%
No matching quizzes found
Score Distribution
Percent of People with Each Score
Percentile by Number Answered
Your Score History
You have not taken this quiz